000 00445nam a2200205Ia 4500
001 11589
003 GE_BSU
008 181216s||||||||xx |||||||||||||| ||und||
020 _a9780552147385
040 _cGE_BSU
080 _a821.111-32
100 _aEvans,Nicholas.
245 4 _aThe smoke jumper.
260 _aLondon
260 _bCorgi books.
260 _c2002.
300 _a528p;18cm.
653 _aThe smoke jumper.
942 _cBK
999 _c44784
_d44784